| 000 | 00432 a2200157 4500 | ||
|---|---|---|---|
| 999 |
_c7856 _d7856 |
||
| 020 | _a9788131706831 | ||
| 050 | _aHG4011VAN2002 | ||
| 100 | _aVan Horne, James C. | ||
| 245 |
_aFinancial management and policy / _cJames C Van Horne |
||
| 250 | _a12th ed. | ||
| 264 |
_aNew Dehli _bPearson Education _c2002 |
||
| 300 | _a832p. | ||
| 500 | _aInclude index | ||
| 650 | _aFinancial management | ||
| 942 |
_2lcc _cBK _e12th ed. _h4011 _iVAN _kHG |
||